000 00225nam a22000857a 4500
008 160701b xxu||||| |||| 00| 0 eng d
100 _91657
_a Sarna, C.S
245 _aTextbook of Mathematics - XI
260 _aNew Delhi
_bArya
_c2005
999 _c1376
_d1376